Introducción a las ciencias del espíritu. Ensayo de una fundamentación del estudio de la sociedad y de la historia.
Na minha lista:
| Autor principal: | |
|---|---|
| Outros Autores: | , |
| Formato: | Livro |
| Idioma: | espanhol |
| Publicado em: |
Madrid, España:
Revista de Occidente,
1956.
|
| Assuntos: | |
| Tags: |
Adicionar Tag
Sem tags, seja o primeiro a adicionar uma tag!
|
MARC
| LEADER | 00000cam a2200000 a 4500 | ||
|---|---|---|---|
| 001 | UCY9289 | ||
| 003 | CL-VaPUC | ||
| 005 | 20221117175755.0 | ||
| 008 | 950713e19560000SP |||||||||||||||||spa|d | ||
| 999 | |c 236412 |d 236410 | ||
| 040 | |c Pontificia Universidad Católica de Valparaíso | ||
| 082 | 0 | 4 | |a 144 DIL 1956 |2 21 |
| 100 | 0 | |a Dilthey, Wilhelm |e autor |9 335712 | |
| 245 | 1 | 0 | |a Introducción a las ciencias del espíritu. |b Ensayo de una fundamentación del estudio de la sociedad y de la historia. |
| 260 | |a Madrid, España: |b Revista de Occidente, |c 1956. | ||
| 300 | |a XIX, 424 páginas. | ||
| 500 | |a c.3 Donación Familia Prof. Alejandro Guzmán Brito. | ||
| 583 | |a last modification |c 20170118 11:36:56 |k Rodrigo Vera | ||
| 650 | 0 | |a Espíritu |2 CL-VaPUC |9 315904 | |
| 650 | 0 | |a Humanismo |9 256530 | |
| 700 | |a Marías, Julián |9 621963 |e traducción del alemán | ||
| 700 | |a Ortega y Gasset, José |e prólogo |9 878516 | ||
| 942 | |c BK |2 ddc |n 0 | ||
| 945 | |d 19950713 00:00:00 |a aalvarez | ||
| 952 | |0 0 |1 0 |4 0 |6 144_000000000000000_DIL_1956 |7 0 |8 P |9 244481 |a BIBEDU |b BIBEDU |c BIBEDU_PB |d 2019-11-18 |i 1581317 |o 144 DIL 1956 |p 1581317 |r 2024-01-25 |w 2019-11-18 |y BK |k FIL | ||
| 952 | |0 0 |1 0 |3 erb |4 0 |6 144_000000000000000_DIL_1956 |7 0 |8 P |9 244482 |a BIBEDU |b BIBEDU |c BIBEDU_PB |i 5361036 |o 144 DIL 1956 |p 5361036 |r 2024-01-25 |w 2019-11-18 |y BK |z Catalogado en:20170119 |k EPE | ||
| 952 | |0 0 |1 0 |2 ddc |4 0 |6 144_000000000000000_DIL_1956 |7 1 |8 C_AGB |9 580065 |a BIBDER |b BIBDER |d 2022-01-03 |e Donación |i 563444K |o 144 DIL 1956 |p 563444K |r 2023-01-25 |t 3 |w 2022-01-03 |y BK_US |k AGB | ||